000 01295cam a2200133 4500500
005 20260329054727.0
041 _afre
042 _adc
100 1 0 _aArcand, Richard
_eauthor
245 0 0 _aJeux verbaux et créations verbales : Fonctionnement et illustrations
260 _bArmand Colin,
_c2017.
520 _aVoici un ouvrage riche et abordable, aussi amusant qu’instructif, sur le fonctionnement des jeux verbaux et des créations verbales. Ce livre offre une vue d’ensemble organisée, abondamment illustrée, où les procédés s’éclairent les uns les autres. Il vise la pleine compréhension des jeux de langage et, par conséquent, une connaissance accrue du fonctionnement de la langue française.Il s’adresse aux étudiants en langue et littérature françaises, en linguistique, en communication, en publicité mais aussi à tous les enseignants et professeurs de langue et de littérature française et à tous ceux qui aspirent à le devenir. Tous les amoureux de la langue française, en particulier ceux qui ont un intérêt marqué pour ses manifestations ludiques et humoristiques, ne manqueront pas d’être passionnés par ce livre.
856 4 1 _uhttps://shs.cairn.info/jeux-verbaux-et-creations-verbales--9782200619503?lang=fr&redirect-ssocas=7080
999 _c2006103
_d2006103